000 00380nam a2200145Ia 4500
008 240729s9999 xx 000 0 und d
022 _a1946-5319
245 0 _aJournal of Legal Analysis
260 _aUnited Kingdom
260 _bOxford University Press
650 _aLaw
856 _uhttps://doaj.org/toc/e8ae581bb5dc4ca6898cde4012d6dde5
942 _2ddc
942 _cDOAJEJ
999 _c72885
_d72885
945 _a1
_bMadushi Gamage
_c1
_dMadushi Gamage